Diseño de un protocolo para el control del proceso en la industria de beneficiado del café
Uloženo v:
| Hlavní autor: | |
|---|---|
| Další autoři: | |
| Médium: | Kniha |
| Vydáno: |
San José, Costa Rica
2005
|
| Témata: | |
| Tagy: |
Přidat tag
Žádné tagy, Buďte první, kdo vytvoří štítek k tomuto záznamu!
|
MARC
| LEADER | 00000nam a2200000Ia 4500 | ||
|---|---|---|---|
| 003 | 009533 | ||
| 005 | 20231123134142.0 | ||
| 008 | 140114s2005 cr a m 000 ||s d | ||
| 040 | |c cru CEDI | ||
| 090 | |a TFG 5075 | ||
| 100 | |a Rodríguez Murillo, Nelson, 1970- |9 1854 | ||
| 245 | |a Diseño de un protocolo para el control del proceso en la industria de beneficiado del café | ||
| 260 | |a San José, Costa Rica |c 2005 | ||
| 300 | |a x, 129 páginas : ilustraciones | ||
| 500 | |a Proyecto de graduación (licenciatura en ingeniería química)--Universidad de Costa Rica. Facultad de Ingeniería. Escuela de Ingeniería Química | ||
| 501 | |a Director de Proyecto de Graduación: Ing. Manuel Molina Córdoba | ||
| 650 | |x BENEFICIO DE CAFE |x CONTROL DE PROCESOS |x CAFE |x INDUSTRIA Y COMERCIO |9 5997 | ||
| 700 | |a Molina Córdoba, Manuel Enrique, 1948- |d Director del TFG |9 559 | ||
| 942 | |c TFG |h TFG 5075 |i 009533 |6 TFG_5075_009533000000000 | ||
| 999 | |c 17348 |d 17348 | ||
